| 000 | 00749nam a22001697a 4500 | ||
|---|---|---|---|
| 003 | NUST | ||
| 005 | 20221103125302.0 | ||
| 008 | 221103b ||||| |||| 00| 0 eng d | ||
| 020 | _a0-75256-480-3 | ||
| 082 | _a747, GOR | ||
| 100 |
_aGorton, Phil _9102313 |
||
| 245 |
_aComplete Home Decorating: _b Phil Gorton |
||
| 260 |
_aUk _bParragon, Incorporated _c2001 |
||
| 300 | _a256: pages | ||
| 505 | _aIntroduction (Page-6), How to use this book (Page-8), Planning (Page-10), Colour (Page-20), Painting (Page-32), Paper finisher (Page-66), Wood, brick and tile finisher (Page-92), Floor (Page-154), Woodwork (Page-184), Furniture face lifts (Page-202), Stylish space savers (Page-212), Accent accessories (Page-224). | ||
| 942 |
_2ddc _cBK |
||
| 999 |
_c592248 _d592248 |
||